000 00265 a2200085 4500
020 _a 9781568985633
100 _aBlaine Brownell
245 _aTransmaterial: A Catalog of Materials that Redefine our Physical Environment
260 _b Princeton Architectural Press
_c2006
999 _c13369
_d13369